Counties of Ireland by Province - Statistics

General Stats
  • This quiz has been taken 57 times
  • The average score is 23 of 32
Answer Stats
Hint Answer % Correct
Antrim Ulster
88%
Armagh Ulster
88%
Derry Ulster
86%
Cork Munster
83%
Down Ulster
83%
Laois Leinster
81%
Fermanagh Ulster
81%
Dublin Leinster
79%
Mayo Connacht
76%
Sligo Connacht
76%
Louth Leinster
76%
Wicklow Leinster
76%
Galway Connacht
74%
Donegal Ulster
74%
Meath Leinster
71%
Westmeath Leinster
71%
Tyrone Ulster
71%
Leitrim Connacht
69%
Carlow Leinster
69%
Kildare Leinster
69%
Roscommon Connacht
67%
Offaly Leinster
67%
Kerry Munster
67%
Kilkenny Leinster
64%
Limerick Munster
64%
Clare Munster
60%
Tipperary Munster
60%
Cavan Ulster
60%
Monaghan Ulster
60%
Longford Leinster
55%
Wexford Leinster
52%
Waterford Munster
52%
No matching quizzes found
Score Distribution
Percent of People with Each Score
Percentile by Number Answered
Your Score History
You have not taken this quiz